| 000 | 01347nam a2200313 i 4500 | ||
|---|---|---|---|
| 001 | 15196 | ||
| 003 | ES-MaACL | ||
| 005 | 20230921105136.0 | ||
| 007 | t| | ||
| 008 | 000117s1999 sp ||||1| spa d | ||
| 020 | _a84-89796-39-4 | ||
| 080 | _a615.07(035.3)"00" | ||
| 100 | 1 |
_aDioscórides. _944863 |
|
| 245 | 1 | 0 |
_aAcerca de la materia medicinal y de los venenos mortíferos _b: edición de 1566 / _cPedacio Dioscórides Anazarbeo ; [traducido de lengua griega e ilustrado por] Andrés Laguna. |
| 250 |
_aEd. facs. de 1566 _bcon estudios introductorios de Pedro Laín Entralgo ... [et al.]. |
||
| 260 |
_a[Madrid] : _bFundación de Ciencias de la Salud, _c[1999] |
||
| 300 |
_a616, [194] p. : _bil. ; _c29 cm. |
||
| 490 | 1 | _aBiblioteca de clásicos de la medicina y de la farmacia española | |
| 534 |
_pReprod. facs. de la ed. de: _c-- Salamanca : por Mathias Gast, 1566. |
||
| 650 | 1 | 4 |
_aMateria médica- _vObras anteriores a 1800. _914842 |
| 655 | 7 |
_2tgfbne _9226495 _aFacsímiles |
|
| 700 | 1 |
_aLaguna, Andrés de. _969617 |
|
| 700 | 1 |
_aLaín Entralgo, Pedro, _d1908-2001 _969681 |
|
| 710 | 2 |
_aFundación de Ciencias de la Salud. _94267 |
|
| 830 | 0 |
_aBiblioteca de clásicos de la medicina y de la farmacia española _9226662 |
|
| 852 |
_aES-MaACL _jL-22375 _bR.127629 _915553 |
||
| 942 | _2udc | ||
| 999 |
_c15196 _d15196 |
||